<?xml version="1.0" encoding="UTF-8"?>
<collection xmlns="http://www.loc.gov/MARC21/slim">
 <record>
  <leader>06558nam a2200517 a 4500</leader>
  <controlfield tag="001">kal5499</controlfield>
  <controlfield tag="003">Gr-AtHEAL</controlfield>
  <controlfield tag="005">20160425093513.0</controlfield>
  <controlfield tag="006">m        d        </controlfield>
  <controlfield tag="008">160413s2015    gr      s           gre|c</controlfield>
  <datafield tag="020" ind1=" " ind2=" ">
   <subfield code="a">9789606032288</subfield>
  </datafield>
  <datafield tag="040" ind1=" " ind2=" ">
   <subfield code="a">GR-AtHEAL</subfield>
   <subfield code="b">gre</subfield>
   <subfield code="c">GR-AtHEAL</subfield>
  </datafield>
  <datafield tag="082" ind1="0" ind2="4">
   <subfield code="a">621.38</subfield>
   <subfield code="2">23</subfield>
  </datafield>
  <datafield tag="100" ind1="1" ind2=" ">
   <subfield code="a">Γιαννακόπουλος, Παναγιώτης.</subfield>
   <subfield code="8">1474</subfield>
  </datafield>
  <datafield tag="245" ind1="1" ind2="0">
   <subfield code="a">Λογικά κυκλώματα</subfield>
   <subfield code="h">[Ηλεκτρονικός πόρος] </subfield>
   <subfield code="b">Αριθμητικά συστήματα, κώδικες, ΙΕΕΕ-754, αλγεβρα Boole, πύλες, απλοποίηση συναρτήσεων, πολυπλέκτες, αποπολυπλέκτες, PLA, PAL, PROM, μηχανές καταστάσεων, κατάσταση μνήμης</subfield>
   <subfield code="c">Γιαννακόπουλος, Παναγιώτης ; Κριτικός αναγνώστης,Καλιακάτσος, Ιωάννης ; Τεχνική επιμέλεια,Ζήνας, Νικόλαος ; Γλωσσική επιμέλεια,Νίκα, Ελένη.</subfield>
  </datafield>
  <datafield tag="260" ind1=" " ind2=" ">
   <subfield code="a">Αθήνα :</subfield>
   <subfield code="b">Σύνδεσμος Ελληνικών Ακαδημαϊκών Βιβλιοθηκών,</subfield>
   <subfield code="c">c2015.</subfield>
  </datafield>
  <datafield tag="490" ind1=" " ind2=" ">
   <subfield code="a">Ακαδημαϊκά Ηλεκτρονικά Συγγράμματα και Βοηθήματα Κάλλιπος</subfield>
   <subfield code="8">40</subfield>
  </datafield>
  <datafield tag="520" ind1=" " ind2=" ">
   <subfield code="a">Στόχος της πρότασης είναι να καλύψει τις ανάγκες των φοιτητών στην ενότητα των λογικών Κυκλωμάτων.Μελετώνται τα αριθμητικά συστήματα, οι μετατροπές μεταξύ των διαφόρων αριθμητικών συστημάτων, καθώς και την παρουσίασή τους σε μορφή κατάλληλη για χρήση από τα συστήματα των υπολογιστών. Στη συνέχεια δίδονται εφαρμογές τόσο σε κλασικές περιπτώσεις αριθμητικών συστημάτων όσο και με παράσταση κινητής υποδιαστολής ΙΕΕΕ-754. Αναφέρονται οι κυριότεροι κώδικες αναπαράστασης αριθμών καθώς και κώδικες διόρθωσης σφαλμάτωνΣυνδυαστικά κυκλώματα με τη χρήση της άλγεβρας του Βoole, καθώς και θέματα που αφορούν στην ανάλυση και στη σύνθεση λογικών κυκλωμάτων με τη βοήθεια λογικών συναρτήσεων όπως και όλοι οι τρόποι απλοποιήσεως αυτών. Ακολουθιακά κυκλώματα τόσο σε σύγχρονες όσο σε ασύγχρονες εφαρμογές. Δίδεται μεγάλος αριθμός παραδειγμάτων και μελετώνται αυτά τόσο με τον κλασσικό τρόπο όσο και με τα διαγράμματα καταστάσεων. Επίσης δίδονται διάφορα κυκλώματα προσαρμογής καθώς και κυκλώματα για μετατροπές από αναλογικά σε ψηφιακά και αντιστρόφως. Αναφερόμαστε στο πλέον σύγχρονο τρόπο μελέτης και σχεδίασης λογικών συστημάτων, μέσω προγραμματιζόμενων λογικών διατάξεων, ο τρόπος μελέτης και σχεδιασμού κάθε λογικής συνάρτησης χρησιμοποιώντας τεχνικές PLA, PROM, PAL. γίνεται αναφορά στο τρόπο εξέλιξης των λογικών κυκλωμάτων και το γοργό ρυθμό ανάπτυξης της τεχνολογίας στον τομέα των μίκρο και νάνο κατασκευών. Δίδεται ιδιαίτερη έμφαση στις μνήμες και στη λειτουργία της Αριθμητικής και λογικής μονάδας (ALU).Κλασσικές εφαρμογές της καθημερινότητας με χρήση ψηφιακών κυκλωμάτων καθώς και μια ομάδα ερωτήσεων πολλαπλής επιλογής για την καλύτερη κατανόηση και εμπέδωση συμπεριλαμβάνονται. Τέλος έχει γίνει συμπλήρωση της ύλης με τις νέες χρήσεις στα ψηφιακά των CNTFET και των memristors.</subfield>
  </datafield>
  <datafield tag="650" ind1=" " ind2="0">
   <subfield code="a">Digital electronics</subfield>
   <subfield code="8">2378</subfield>
  </datafield>
  <datafield tag="650" ind1=" " ind2="0">
   <subfield code="a">Logic circuits</subfield>
   <subfield code="8">2379</subfield>
  </datafield>
  <datafield tag="653" ind1=" " ind2=" ">
   <subfield code="a">Ακολουθιακά κυκλώματα</subfield>
  </datafield>
  <datafield tag="653" ind1=" " ind2=" ">
   <subfield code="a">Λογικές μήτρες</subfield>
  </datafield>
  <datafield tag="653" ind1=" " ind2=" ">
   <subfield code="a">Μέθοδος Κουιν Μακ Κλασκι</subfield>
  </datafield>
  <datafield tag="653" ind1=" " ind2=" ">
   <subfield code="a">Καταχωρητές</subfield>
  </datafield>
  <datafield tag="653" ind1=" " ind2=" ">
   <subfield code="a">Πράξεις στο δυαδικό σύστημα</subfield>
  </datafield>
  <datafield tag="653" ind1=" " ind2=" ">
   <subfield code="a">Μηχανές καταστάσεων</subfield>
  </datafield>
  <datafield tag="653" ind1=" " ind2=" ">
   <subfield code="a">Αποκωδικοποιητές</subfield>
  </datafield>
  <datafield tag="653" ind1=" " ind2=" ">
   <subfield code="a">Πολυπλέκτες</subfield>
  </datafield>
  <datafield tag="653" ind1=" " ind2=" ">
   <subfield code="a">Συνδυαστικά κυκλώματα</subfield>
  </datafield>
  <datafield tag="653" ind1=" " ind2=" ">
   <subfield code="a">Καταστάσεις μνήμης</subfield>
  </datafield>
  <datafield tag="653" ind1=" " ind2=" ">
   <subfield code="a">Πίνακας Καρνώ</subfield>
  </datafield>
  <datafield tag="653" ind1=" " ind2=" ">
   <subfield code="a">Λογικές πύλες</subfield>
  </datafield>
  <datafield tag="653" ind1=" " ind2=" ">
   <subfield code="a">Αριθμητικά συστήματα</subfield>
  </datafield>
  <datafield tag="653" ind1=" " ind2=" ">
   <subfield code="a">Άλγεβρα Μπούλ</subfield>
  </datafield>
  <datafield tag="653" ind1=" " ind2=" ">
   <subfield code="a">ΙΕΕΕ-754</subfield>
  </datafield>
  <datafield tag="653" ind1=" " ind2=" ">
   <subfield code="a">Επιστήμη υπολογιστών/Πληροφορική</subfield>
   <subfield code="a">Αρχιτεκτονική και οργάνωση</subfield>
   <subfield code="a">Ψηφιακή λογική και ψηφιακά συστήματα</subfield>
  </datafield>
  <datafield tag="653" ind1=" " ind2=" ">
   <subfield code="a">Επιστήμη υπολογιστών/Πληροφορική</subfield>
   <subfield code="a">Βασικές αρχές συστημάτων</subfield>
  </datafield>
  <datafield tag="653" ind1=" " ind2=" ">
   <subfield code="a">Επιστήμη υπολογιστών/Πληροφορική</subfield>
   <subfield code="a">Αρχιτεκτονική και οργάνωση</subfield>
  </datafield>
  <datafield tag="653" ind1=" " ind2=" ">
   <subfield code="a">Μαθηματικά</subfield>
   <subfield code="a">Θεωρία αριθμών</subfield>
  </datafield>
  <datafield tag="653" ind1=" " ind2=" ">
   <subfield code="a">Φυσική</subfield>
   <subfield code="a">Ηλεκτρονική φυσική και σχετικές επιστημονικές περιοχές</subfield>
  </datafield>
  <datafield tag="700" ind1="1" ind2=" ">
   <subfield code="a">Καλιακάτσος, Ιωάννης</subfield>
   <subfield code="e">Κριτικός αναγνώστης</subfield>
   <subfield code="8">1475</subfield>
  </datafield>
  <datafield tag="856" ind1="4" ind2="0">
   <subfield code="u">http://hdl.handle.net/11419/5499</subfield>
   <subfield code="z">Πλήρες Κείμενο - Full text</subfield>
  </datafield>
  <datafield tag="907" ind1=" " ind2=" ">
   <subfield code="a">.b25679600</subfield>
   <subfield code="b">12-06-18</subfield>
   <subfield code="c">29-07-16</subfield>
  </datafield>
  <datafield tag="949" ind1=" " ind2=" ">
   <subfield code="0">0</subfield>
   <subfield code="1">0</subfield>
   <subfield code="2">ddc</subfield>
   <subfield code="4">0</subfield>
   <subfield code="6">621_380000000000000_ΓΙΑ</subfield>
   <subfield code="7">0</subfield>
   <subfield code="8">KALL</subfield>
   <subfield code="8">719</subfield>
   <subfield code="d">2016-04-13</subfield>
   <subfield code="r">2016-04-13</subfield>
   <subfield code="w">2016-04-13</subfield>
   <subfield code="z">621.38 ΓΙΑ</subfield>
   <subfield code="o">SEAB KALLIPOS</subfield>
  </datafield>
  <datafield tag="998" ind1=" " ind2=" ">
   <subfield code="a">80</subfield>
   <subfield code="a">01</subfield>
   <subfield code="a">02</subfield>
   <subfield code="a">03</subfield>
   <subfield code="a">04</subfield>
   <subfield code="a">05</subfield>
   <subfield code="a">06</subfield>
   <subfield code="a">07</subfield>
   <subfield code="a">08</subfield>
   <subfield code="a">09</subfield>
   <subfield code="a">10</subfield>
   <subfield code="a">11</subfield>
   <subfield code="a">12</subfield>
   <subfield code="a">13</subfield>
   <subfield code="a">14</subfield>
   <subfield code="a">15</subfield>
   <subfield code="a">16</subfield>
   <subfield code="a">17</subfield>
   <subfield code="a">18</subfield>
   <subfield code="a">19</subfield>
   <subfield code="a">20</subfield>
   <subfield code="a">21</subfield>
   <subfield code="a">22</subfield>
   <subfield code="a">23</subfield>
   <subfield code="a">24</subfield>
   <subfield code="a">25</subfield>
   <subfield code="a">26</subfield>
   <subfield code="b">16-05-17</subfield>
   <subfield code="c">m</subfield>
   <subfield code="d">z  </subfield>
   <subfield code="e">-</subfield>
   <subfield code="f">gre</subfield>
   <subfield code="g">gr </subfield>
   <subfield code="h">0</subfield>
  </datafield>
  <datafield tag="942" ind1=" " ind2=" ">
   <subfield code="2">ddc</subfield>
   <subfield code="c">KALLIPOS</subfield>
  </datafield>
 </record>
</collection>
